000 00328nam a2200145Ia 4500
100 _aWeeks/Arthur R
942 _cBK
654 _aimage processing
245 _aFundamentals of Electronic image processing
260 _bPrentice Hall
_c1999
082 _a621.399
_bWEE
300 _a570
546 _aENGLISH
999 _c17789
_d17789